All WTA Top 20 Players in the 2010s - Statistics

General Stats
  • This quiz has been taken 87 times
  • The average score is 42 of 83
Answer Stats
Career High Player % Correct
Nr. 1 Serena Williams
100%
Venus Williams
100%
Aryna Sabalenka
89%
Ashleigh Barty
86%
Maria Sharapova
86%
Caroline Wozniacki
83%
Karolína Plíšková
83%
Li Na
83%
Simona Halep
83%
Viktoria Azarenka
83%
Angelique Kerber
80%
Garbiñe Muguruza
80%
Justine Henin
80%
Naomi Osaka
80%
Nr. 5 Jeļena Ostapenko
77%
Kim Clijsters
77%
Elina Svitolina
74%
Madison Keys
74%
Ana Ivanović
71%
Nr. 2 Petra Kvitová
71%
Nr. 4 Bianca Andreescu
69%
Francesca Schiavone
69%
Jelena Janković
69%
Nr. 7 Marion Bartoli
69%
Agnieszka Radwańska
66%
Flavia Pennetta
66%
Sofia Kenin
66%
Caroline Garcia
63%
Elise Mertens
63%
Johanna Konta
63%
Sara Errani
63%
Nr. 3 Sloane Stephens
63%
Samantha Stosur
60%
Belinda Bencic
57%
Carla Suárez Navarro
57%
Dinara Safina
57%
Elena Dementieva
57%
Lucie Šafářová
54%
Svetlana Kuznetsova
54%
Nr. 15 Jie Zheng
51%
Nr. 6 Markéta Vondroušová
51%
Roberta Vinci
51%
Alizé Cornet
49%
Anastasia Pavlyuchenkova
49%
Donna Vekić
49%
Eugenie Bouchard
49%
Kiki Bertens
49%
Sabine Lisicki
49%
Vera Zvonareva
49%
Dominika Cibulková
46%
Daria Kasatkina
43%
Kristina Mladenovic
43%
Nr. 9 Andrea Petkovic
40%
Anett Kontaveit
40%
Coco Vandeweghe
37%
Nadia Petrova
37%
Anastasija Sevastova
34%
Barbora Strýcová
34%
Julia Görges
34%
Nr. 13 Kirsten Flipkens
34%
Nr. 19 María José Martínez Sánchez
34%
Qiang Wang
31%
Nr. 10 Maria Kirilenko
29%
Petra Martić
29%
Timea Bacsinszky
29%
Daniela Hantuchová
26%
Nr. 8 Ekaterina Makarova
26%
Elena Vesnina
26%
Aravane Rezaï
23%
Kaia Kanepi
23%
Nr. 11 Shahar Pe'er
23%
Nr. 18 Alison Riske
20%
Daria Saville
20%
Nr. 14 Peng Shuai
20%
Nr. 17 Magdaléna Rybáriková
17%
Mirjana Lučić
17%
Nr. 16 Virginie Razzano
17%
Nr. 12 Yanina Wickmayer
17%
Ana Konjuh
14%
Nr. 20 Alisa Kleybanova
11%
Klára Koukalová
11%
Mihaela Buzărnescu
11%
Varvara Lepchenko
11%
No matching quizzes found
Score Distribution
Percent of People with Each Score
Percentile by Number Answered
Your Score History
You have not taken this quiz